000 01257nam a2200325 i 4500
003 EG-GICUC
005 20260121101241.0
008 251118b1975 ua ||||f |||| 00| 0 ara d
040 _a EG-GICUC
_c EG-GICUC
_d EG-GICUC
_erda
_bara
041 _aara
082 0 4 _221
_a345.2
_bك م . ل
092 0 4 _221
099 _aLaw1 07 345.2 ك م . ل 1975
100 0 _aكمال نور الله
_eمؤلف.
245 _aاللامركزية من أجل التنمية القومية والمحلية /
_cإعداد كمال نور الله.
264 _aالقاهرة :
_bجامعة الدول العربية-المنظمة العربية للعلوم الإدارية، مركز البحوث الإدارية،
_c1975.
300 _a223 صفحة ؛
_c24 سم.
336 _2rda content
_atext
337 _2rda media
_aComputer
338 _2rda carrier
_aOnline Resource
490 _v183
546 _aالنص باللغة العربية
650 1 _2qrmak
_aالقانون الإداري
650 1 _2qrmak
_aالمركزية واللامركزية
650 1 _2qrmak
_aالإدارة المحلية
830 _0
856 4 0 _uhttps://fll.law.cu.edu.eg/fulltext/bks/B07-00113.pdf
905 _aWesam Mahmoud
942 _2ddc
_n0
_cBK
_e21
999 _c44303
_d44303